[Event "BL2-West 1213"]
[Site "Germany"]
[Date "2013.01.13"]
[Round "5.7"]
[White "Hobusch, Alexander"]
[Black "Kipper, Jens"]
[Result "0-1"]
[WhiteElo "2177"]
[BlackElo "2366"]
[PlyCount "60"]
[EventDate "2012.10.14"]
[EventType "team-tourn"]
[EventRounds "9"]
[EventCountry "GER"]
[SourceTitle "CBM 154 Extra"]
[Source "ChessBase"]
[SourceDate "2013.06.25"]
[SourceVersion "2"]
[SourceVersionDate "2013.06.25"]
[SourceQuality "1"]
[WhiteTeam "Solingen SG II"]
[BlackTeam "Koeln Porz"]
[WhiteTeamCountry "GER"]
[BlackTeamCountry "GER"]

1. d4 e6 2. Nf3 Nf6 3. e3 b6 4. Bd3 Bb7 5. 0-0 d5 6. b3 Nbd7 7. Bb2 Bd6 8. Nbd2 0-0 9. Ne5 Ne4 10. f4 f6 11. Nxd7 Qxd7 12. Nxe4 dxe4 13. Bc4 Kh8 14. Qg4 f5 15. Qe2 a6 16. a4 Qe7 17. Kh1 Rf6 18. Bc3 Rg6 19. Rg1 c6 20. Qf2 Rf8 21. Be2 c5 22. Rad1 Rh6 23. g3 Qc7 24. Bc4 cxd4 25. Bxd4 e5 26. fxe5 Bxe5 27. Bxe5 Qxe5 28. Qf4 Qe7 29. Bd5 g5 30. Qf2 Bc8 0-1

[Event "GER-chT U20"]
[Site "Osnabrueck"]
[Date "2012.12.28"]
[Round "3.1"]
[White "Hobusch, Alexander"]
[Black "Linnemann, Niklas"]
[Result "1-0"]
[WhiteElo "2217"]
[BlackElo "1946"]
[PlyCount "73"]
[EventDate "2012.12.27"]
[EventType "team-swiss"]
[EventRounds "7"]
[EventCountry "GER"]
[SourceTitle "EXT 2014"]
[Source "ChessBase"]
[SourceDate "2013.11.20"]
[SourceVersion "1"]
[SourceVersionDate "2013.11.20"]
[SourceQuality "1"]
[WhiteTeam "Solingen"]
[BlackTeam "Coswig 1920"]
[WhiteTeamCountry "GER"]
[BlackTeamCountry "GER"]

1. d4 Nf6 2. Nf3 g6 3. c4 Bg7 4. Nc3 d5 5. Bg5 Ne4 6. cxd5 Nxg5 7. Nxg5 e6 8. Qd2 exd5 9. Qe3+ Kf8 10. Qf4 Bf6 11. h4 h6 12. Nf3 Be6 13. e3 c6 14. Bd3 Nd7 15. g4 Kg7 16. Qg3 c5 17. 0-0-0 c4 18. Bc2 Be7 19. Ne5 Bb4 20. f4 Nxe5 21. dxe5 Bxc3 22. bxc3 Qa5 23. f5 Bd7 24. e6 Bc6 25. fxg6 d4 26. Qf4 f6 27. Rhf1 Raf8 28. Qxd4 Qxa2 29. Qe5 Re8 30. e7 Ba4 31. Rf2 Bxc2 32. Qb5 Qa1+ 33. Kxc2 Qa2+ 34. Qb2 Qxb2+ 35. Kxb2 Rxe7 36. h5 Rhe8 37. Rd6 1-0

[Event "GER-chT U20"]
[Site "Osnabrueck"]
[Date "2012.12.27"]
[Round "1.1"]
[White "Hobusch, Alexander"]
[Black "Moritz, Aron"]
[Result "0-1"]
[WhiteElo "2217"]
[BlackElo "2206"]
[PlyCount "76"]
[EventDate "2012.12.27"]
[EventType "team-swiss"]
[EventRounds "7"]
[EventCountry "GER"]
[SourceTitle "EXT 2014"]
[Source "ChessBase"]
[SourceDate "2013.11.20"]
[SourceVersion "1"]
[SourceVersionDate "2013.11.20"]
[SourceQuality "1"]
[WhiteTeam "Solingen"]
[BlackTeam "Berlin Empor"]
[WhiteTeamCountry "GER"]
[BlackTeamCountry "GER"]

1. d4 Nf6 2. Nf3 g6 3. c4 Bg7 4. Nc3 0-0 5. e4 d6 6. Be2 Na6 7. 0-0 e5 8. Be3 Ng4 9. Bg5 Qe8 10. dxe5 dxe5 11. Qc1 h6 12. Bd2 Kh7 13. h3 Nf6 14. Be3 c6 15. b4 Nxb4 16. Bc5 Na6 17. Bxf8 Bxf8 18. Rb1 Nc5 19. Qc2 Nh5 20. Nh2 Nf4 21. Bg4 h5 22. Bxc8 Qxc8 23. Na4 Nxa4 24. Qxa4 Ne2+ 25. Kh1 Nc3 26. Qb3 Nxb1 27. Rxb1 b6 28. c5 Qe8 29. cxb6 axb6 30. Qxb6 Rxa2 31. Nf3 Kg7 32. Rd1 Qe6 33. Kg1 Rc2 34. Qb8 Bc5 35. Rd8 Bxf2+ 36. Kh2 Be3 37. Rg8+ Kf6 38. Qd8+ Qe7 0-1

[Event "NRW Class2 1213"]
[Site "Germany"]
[Date "2012.12.16"]
[Round "4.3"]
[White "Hobusch, Alexander"]
[Black "Scharnowski, Tobias"]
[Result "1/2-1/2"]
[WhiteElo "2188"]
[BlackElo "2011"]
[PlyCount "66"]
[EventDate "2012.09.16"]
[EventType "team-tourn"]
[EventRounds "9"]
[EventCountry "GER"]
[SourceTitle "EXT 2017"]
[Source "ChessBase"]
[SourceDate "2016.10.25"]
[SourceVersion "1"]
[SourceVersionDate "2016.10.25"]
[SourceQuality "1"]
[WhiteTeam "Solingen III"]
[BlackTeam "Guetersloh"]
[WhiteTeamCountry "GER"]
[BlackTeamCountry "GER"]

1. d4 d5 2. Nf3 Nf6 3. c4 dxc4 4. e3 Bg4 5. Bxc4 e6 6. Nc3 Nbd7 7. h3 Bh5 8. Bd2 a6 9. a4 Bd6 10. Qb3 0-0 11. Be2 Rb8 12. 0-0 c5 13. d5 exd5 14. Nxd5 Ne4 15. Rfd1 Ne5 16. Qb6 Nxf3+ 17. Bxf3 Qh4 18. Bxe4 Qxe4 19. Qxd6 Bxd1 20. Rxd1 Rbd8 21. Ne7+ Kh8 22. Qxc5 Rfe8 23. Nf5 Rd5 24. Ng3 Rxc5 25. Nxe4 Rxe4 26. Bc3 Rc8 27. Rd7 Kg8 28. a5 Rb8 29. Bd4 h6 30. Kf1 Ree8 31. b4 Red8 32. Re7 Re8 33. Rd7 Red8 1/2-1/2

[Event "NRW Class2 1112"]
[Site "Germany"]
[Date "2012.03.25"]
[Round "8.5"]
[White "Pfleger, Sascha"]
[Black "Hobusch, Alexander"]
[Result "0-1"]
[WhiteElo "2023"]
[BlackElo "2205"]
[PlyCount "68"]
[EventDate "2011.09.18"]
[EventType "team-tourn"]
[EventRounds "9"]
[EventCountry "GER"]
[SourceTitle "EXT 2015"]
[Source "ChessBase"]
[SourceDate "2014.11.20"]
[SourceVersion "1"]
[SourceVersionDate "2014.11.20"]
[SourceQuality "1"]
[WhiteTeam "Letmathe"]
[BlackTeam "Solingen III"]
[WhiteTeamCountry "GER"]
[BlackTeamCountry "GER"]

1. d4 d5 2. Nf3 Nf6 3. e3 c5 4. b3 Nc6 5. Be2 Bg4 6. 0-0 e6 7. Nbd2 Bd6 8. Bb2 Qc7 9. dxc5 Bxc5 10. Rc1 0-0 11. h3 Bh5 12. Bxf6 gxf6 13. Nh2 Bg6 14. Bd3 Ba3 15. Ra1 Ne5 16. Bxg6 hxg6 17. f4 Nd7 18. f5 exf5 19. Ndf3 Bc5 20. Nd4 Rfe8 21. Qd2 Rac8 22. Nhf3 Re4 23. Qf2 f4 24. exf4 Qxf4 25. c3 Ne5 26. Rad1 Bb6 27. Kh1 Rxc3 28. Qb2 Nxf3 29. Nxf3 Ree3 30. Nh2 Qe4 31. Nf3 Kg7 32. Rd2 Bc7 33. Rdf2 d4 34. Nh2 Rxh3 0-1

[Event "GER-chT U20"]
[Site "Osnabrueck"]
[Date "2011.12.30"]
[Round "7.1"]
[White "Di Capua, Francesco Stefano"]
[Black "Hobusch, Alexander"]
[Result "0-1"]
[WhiteElo "1715"]
[BlackElo "2197"]
[PlyCount "56"]
[EventDate "2011.12.27"]
[EventType "team-swiss"]
[EventRounds "7"]
[EventCountry "GER"]
[SourceTitle "CBM 146 Extra"]
[Source "ChessBase"]
[SourceDate "2012.02.29"]
[SourceVersion "1"]
[SourceVersionDate "2012.02.29"]
[SourceQuality "1"]
[WhiteTeam "Gernsheim"]
[BlackTeam "Solingen"]
[WhiteTeamCountry "GER"]
[BlackTeamCountry "GER"]

1. e4 e6 2. b3 d5 3. Bb2 dxe4 4. Nc3 Nf6 5. Qe2 Nbd7 6. 0-0-0 Be7 7. g4 0-0 8. Bg2 a5 9. h4 Nc5 10. Bxe4 Nfxe4 11. Nxe4 Nxe4 12. Qxe4 Qd5 13. Qxd5 exd5 14. f3 Re8 15. Ne2 c6 16. Nf4 Bd7 17. Nd3 c5 18. Ba3 b6 19. Ne5 Be6 20. d4 a4 21. Kb2 axb3 22. axb3 f6 23. Nd3 Rxa3 24. Nf4 Ra7 25. Nxe6 Bd6 26. dxc5 Be5+ 27. c3 Rxe6 28. cxb6 Rd7 0-1

[Event "GER-chT U20"]
[Site "Osnabrueck"]
[Date "2011.12.29"]
[Round "6.1"]
[White "Zimmermann, Ulrich"]
[Black "Hobusch, Alexander"]
[Result "1/2-1/2"]
[WhiteElo "2183"]
[BlackElo "2197"]
[PlyCount "130"]
[EventDate "2011.12.27"]
[EventType "team-swiss"]
[EventRounds "7"]
[EventCountry "GER"]
[SourceTitle "CBM 146 Extra"]
[Source "ChessBase"]
[SourceDate "2012.02.29"]
[SourceVersion "1"]
[SourceVersionDate "2012.02.29"]
[SourceQuality "1"]
[WhiteTeam "Bebenhausen"]
[BlackTeam "Solingen"]
[WhiteTeamCountry "GER"]
[BlackTeamCountry "GER"]

1. e4 e6 2. d4 d5 3. Nc3 Nf6 4. Bg5 Bb4 5. e5 h6 6. Bc1 Ne4 7. Qg4 g6 8. Nge2 c5 9. a3 Ba5 10. dxc5 Nxc3 11. Nxc3 Bxc3+ 12. bxc3 Bd7 13. Rb1 Qc7 14. Qg3 Ba4 15. Bd3 Nd7 16. 0-0 Nxc5 17. Qh4 Bc6 18. Qf6 Rh7 19. Be3 Nd7 20. Qh4 Qa5 21. Bd4 Qxa3 22. Ra1 Qe7 23. Qf4 a6 24. h4 h5 25. c4 Nc5 26. Be2 Rc8 27. Rfb1 Rg7 28. Qe3 Ne4 29. cxd5 Bxd5 30. c4 Bc6 31. g3 g5 32. Bf3 gxh4 33. Bxe4 hxg3 34. Bxc6+ Rxc6 35. f4 h4 36. Ra2 g2 37. Rxg2 Rxg2+ 38. Kxg2 Rxc4 39. Qf2 Qg5+ 40. Kh2 Qf5 41. Rb2 b5 42. Be3 Qe4 43. Rd2 Rc1 44. Qg2 Qxg2+ 45. Kxg2 Rc3 46. Bd4 Rc4 47. Kf3 a5 48. Ke3 Ra4 49. Rh2 Ra3+ 50. Ke4 b4 51. Rxh4 b3 52. Rh8+ Kd7 53. Kd3 b2+ 54. Kc2 Ra4 55. Bxb2 Rxf4 56. Ra8 a4 57. Bc3 Kc6 58. Kb2 Kb5 59. Ra5+ Kb6 60. Ra8 Kc6 61. Rb8 Kc5 62. Ka2 Rf3 63. Bb4+ Kd5 64. Bd6 f6 65. Rf8 Rf5 1/2-1/2

[Event "NRW Class1 1011"]
[Site "Germany"]
[Date "2010.10.24"]
[Round "2.5"]
[White "Hobusch, Alexander"]
[Black "Andok, Claus Michael"]
[Result "1/2-1/2"]
[WhiteElo "2122"]
[BlackElo "2105"]
[PlyCount "45"]
[EventDate "2010.09.26"]
[EventType "team-tourn"]
[EventRounds "9"]
[EventCountry "GER"]
[SourceTitle "EXT 2012"]
[Source "ChessBase"]
[SourceDate "2011.11.24"]
[SourceVersion "1"]
[SourceVersionDate "2011.11.24"]
[SourceQuality "1"]
[WhiteTeam "Solingen III"]
[BlackTeam "Wuerselen"]
[WhiteTeamCountry "GER"]
[BlackTeamCountry "GER"]

1. d4 g6 2. c4 Bg7 3. Nc3 d6 4. e4 Nc6 5. Be3 e5 6. d5 Nce7 7. c5 f5 8. cxd6 cxd6 9. Qa4+ Kf8 10. Bd3 Nf6 11. f3 Neg8 12. exf5 Bxf5 13. Bxf5 gxf5 14. Nge2 Bh6 15. Bxh6+ Nxh6 16. Qh4 Nf7 17. f4 Ng4 18. Qxd8+ Rxd8 19. 0-0 Rg8 20. Ng3 Ne3 21. Rf2 Nh6 22. Rf3 Nc2 23. Rd1 1/2-1/2

[Event "GER-ch U18"]
[Site "Oberhof"]
[Date "2010.05.25"]
[Round "5"]
[White "Zhou, Syang"]
[Black "Hobusch, Alexander"]
[Result "1-0"]
[WhiteElo "2206"]
[BlackElo "2132"]
[PlyCount "65"]
[EventDate "2010.05.22"]
[EventType "swiss"]
[EventRounds "9"]
[EventCountry "GER"]
[SourceTitle "CBM 136 Extra"]
[Source "ChessBase"]
[SourceDate "2010.07.02"]
[SourceVersion "2"]
[SourceVersionDate "2010.07.15"]
[SourceQuality "1"]

1. e4 e6 2. d4 d5 3. Nc3 Nf6 4. e5 Nfd7 5. f4 c5 6. Nf3 Nc6 7. Be3 a6 8. Qd2 b5 9. a3 g5 10. fxg5 cxd4 11. Nxd4 Ncxe5 12. Be2 Bg7 13. 0-0 Bb7 14. Rae1 0-0 15. h4 Nc6 16. Bg4 Nde5 17. Nxc6 Nxc6 18. Bc5 Ne5 19. Bxf8 Qxf8 20. Bh5 Qc5+ 21. Kh1 Ng6 22. Nd1 e5 23. Ne3 Nf4 24. Rxf4 exf4 25. Nf5 f3 26. Bxf3 Bxb2 27. Re7 Bc6 28. Nh6+ Kh8 29. Nxf7+ Kg7 30. Nh6+ Kh8 31. Qe2 Rf8 32. Nf7+ Kg8 33. g6 1-0

[Event "NRW Class2 0910"]
[Site "Germany"]
[Date "2010.03.21"]
[Round "8.5"]
[White "Hobusch, Alexander"]
[Black "Zietlow, Thomas"]
[Result "1/2-1/2"]
[WhiteElo "2103"]
[BlackElo "2129"]
[PlyCount "115"]
[EventDate "2009.09.20"]
[EventType "team-tourn"]
[EventRounds "9"]
[EventCountry "GER"]
[SourceTitle "EXT 2011"]
[Source "ChessBase"]
[SourceDate "2010.11.26"]
[SourceVersion "1"]
[SourceVersionDate "2010.11.26"]
[SourceQuality "1"]
[WhiteTeam "Solingen SG III"]
[BlackTeam "Hagen"]
[WhiteTeamCountry "GER"]
[BlackTeamCountry "GER"]

1. d4 Nf6 2. Nf3 e6 3. e3 b6 4. Bd3 Bb7 5. 0-0 Be7 6. c4 c5 7. Nc3 d6 8. b3 Nbd7 9. Bb2 a6 10. a4 0-0 11. d5 exd5 12. cxd5 Re8 13. e4 Ng4 14. Nd2 Nge5 15. Be2 Bf6 16. Qc2 g5 17. Nd1 Nf8 18. Ne3 Bc8 19. Ndc4 Nxc4 20. Bxf6 Qxf6 21. Nxc4 Rb8 22. Bd3 Ng6 23. Rae1 Qd8 24. Re3 b5 25. axb5 axb5 26. Nd2 Bd7 27. Rfe1 h5 28. Be2 h4 29. Qd1 Ne5 30. g3 Kh8 31. f4 gxf4 32. gxf4 Ng6 33. Qa1+ Kh7 34. Rf1 Ra8 35. Qe1 Nxf4 36. Rxf4 Qg5+ 37. Kh1 Qxf4 38. Rf3 Qg5 39. Rxf7+ Kh8 40. Nf3 Qg4 41. Qc3+ Kg8 42. Nd2 Kxf7 43. Bxg4 Bxg4 44. h3 Bd1 45. Qc1 Bh5 46. Qf1+ Kg8 47. Qg2+ Kh7 48. Qg5 Ra1+ 49. Kh2 Re5 50. Qxh4 Ra2 51. Qf4 c4 52. bxc4 bxc4 53. Kg3 c3 54. Nf3 Bxf3 55. Qf7+ Kh8 56. Qf8+ Kh7 57. Qf7+ Kh8 58. Qf8+ 1/2-1/2

[Event "NRW Class2 0910"]
[Site "Germany"]
[Date "2010.02.01"]
[Round "6.6"]
[White "Liu, Xiao You"]
[Black "Hobusch, Alexander"]
[Result "0-1"]
[WhiteElo "1853"]
[BlackElo "2103"]
[PlyCount "130"]
[EventDate "2009.09.20"]
[EventType "team-tourn"]
[EventRounds "9"]
[EventCountry "GER"]
[SourceTitle "EXT 2011"]
[Source "ChessBase"]
[SourceDate "2010.11.26"]
[SourceVersion "1"]
[SourceVersionDate "2010.11.26"]
[SourceQuality "1"]
[WhiteTeam "Duesseldorf"]
[BlackTeam "Solingen SG III"]
[WhiteTeamCountry "GER"]
[BlackTeamCountry "GER"]

1. b3 d5 2. Bb2 Nf6 3. e3 c5 4. Nf3 Nc6 5. Bb5 Bg4 6. Bxc6+ bxc6 7. h3 Bh5 8. g4 Bg6 9. Ne5 Qc7 10. d3 Nd7 11. f4 f6 12. Nxg6 hxg6 13. Qf3 e5 14. f5 gxf5 15. Qxf5 e4 16. dxe4 Qg3+ 17. Qf2 Rxh3 18. Rxh3 Qxh3 19. exd5 Bd6 20. Kd2 Bg3 21. Qe2 Rd8 22. Nc3 Ne5 23. Rd1 Nxg4 24. Kc1 Bf2 25. Qa6 Nxe3 26. Qxc6+ Kf8 27. Qxc5+ Kg8 28. Qc7 Rc8 29. Qe7 Nxd1 30. Nxd1 Qf5 31. Qe2 Bg3 32. Qg2 Rc5 33. Nc3 Be5 34. Ne4 Rxd5 35. Bxe5 Rxe5 36. Nd2 Re1+ 37. Kb2 Qe5+ 38. Ka3 Qa5+ 39. Kb2 Qe5+ 40. Ka3 Re2 41. Qa8+ Kh7 42. Nc4 Qc5+ 43. Kb2 Qd4+ 44. Ka3 Rxc2 45. Qh1+ Kg8 46. Qa8+ Kf7 47. Qb7+ Kg6 48. Qc6 Re2 49. Qc8 f5 50. Kb4 Rxa2 51. Qc6+ Kg5 52. Qc7 a5+ 53. Kb5 f4 54. Ne5 Kf5 55. Nc6 Qd5+ 56. Kb6 Qxb3+ 57. Ka6 Qd3+ 58. Ka7 Qe3+ 59. Ka6 Qe6 60. Ka7 Qe3+ 61. Ka6 Rg2 62. Ne7+ Kg4 63. Qd7+ Kf3 64. Nf5 Rg6+ 65. Kxa5 Qc5+ 0-1

[Event "Dortmund op"]
[Site "Dortmund"]
[Date "2009.07.11"]
[Round "8"]
[White "Chilla, Jan Eric"]
[Black "Hobusch, Alexander"]
[Result "1/2-1/2"]
[WhiteElo "2024"]
[BlackElo "2103"]
[PlyCount "22"]
[EventDate "2009.07.04"]
[EventType "swiss"]
[EventRounds "9"]
[EventCountry "GER"]
[SourceTitle "CBM 131 Extra"]
[Source "ChessBase"]
[SourceDate "2009.09.03"]
[SourceVersion "2"]
[SourceVersionDate "2009.09.16"]
[SourceQuality "1"]

1. d4 d5 2. c4 e6 3. Nf3 Nf6 4. g3 Nbd7 5. Bg2 c6 6. 0-0 Bd6 7. Qc2 Ne4 8. Nfd2 f5 9. Nxe4 fxe4 10. f3 exf3 11. exf3 0-0 1/2-1/2

[Event "Dortmund op"]
[Site "Dortmund"]
[Date "2009.07.08"]
[Round "5"]
[White "Scheider, Julian"]
[Black "Hobusch, Alexander"]
[Result "0-1"]
[WhiteElo "2199"]
[BlackElo "2103"]
[PlyCount "82"]
[EventDate "2009.07.04"]
[EventType "swiss"]
[EventRounds "9"]
[EventCountry "GER"]
[SourceTitle "CBM 131 Extra"]
[Source "ChessBase"]
[SourceDate "2009.09.03"]
[SourceVersion "2"]
[SourceVersionDate "2009.09.16"]
[SourceQuality "1"]

1. e4 e6 2. d4 d5 3. Nc3 Nf6 4. e5 Nfd7 5. f4 c5 6. Nf3 Nc6 7. Be3 a6 8. Qd2 b5 9. a3 g5 10. fxg5 cxd4 11. Bxd4 Bg7 12. 0-0-0 Ndxe5 13. Nxe5 Nxd4 14. Qxd4 Qxg5+ 15. Kb1 Bxe5 16. Qc5 Bd7 17. Nxd5 exd5 18. Rxd5 f6 19. Bxb5 axb5 20. Rxd7 Kxd7 21. Qxb5+ Ke6 22. Qb3+ Ke7 23. Qb7+ Kf8 24. Qxa8+ Kg7 25. Qb7+ Kh6 26. Qf3 Rg8 27. b4 Rd8 28. h4 Qd2 29. Qb3 Rc8 30. g4 Qd4 31. g5+ Kg6 32. Ka2 Qe4 33. h5+ Kxg5 34. Rg1+ Kh6 35. Rc1 Bf4 36. Rb1 Rxc2+ 37. Rb2 Rc1 38. Qf7 Be5 39. Qf8+ Kxh5 40. Qf7+ Kh4 41. Qe6 Ra1+ 0-1

[Event "Dortmund op"]
[Site "Dortmund"]
[Date "2009.07.05"]
[Round "2"]
[White "Torres Kuckel, Rafael"]
[Black "Hobusch, Alexander"]
[Result "1/2-1/2"]
[WhiteElo "2250"]
[BlackElo "2103"]
[PlyCount "28"]
[EventDate "2009.07.04"]
[EventType "swiss"]
[EventRounds "9"]
[EventCountry "GER"]
[SourceTitle "CBM 131 Extra"]
[Source "ChessBase"]
[SourceDate "2009.09.03"]
[SourceVersion "2"]
[SourceVersionDate "2009.09.16"]
[SourceQuality "1"]

1. e4 e6 2. d4 d5 3. exd5 exd5 4. Nf3 Nc6 5. Bd3 Bd6 6. 0-0 Nge7 7. Re1 0-0 8. c3 Bf5 9. Bg5 f6 10. Bh4 Qd7 11. Bg3 Bxg3 12. hxg3 Rfe8 13. Qc2 Bxd3 14. Qxd3 Nf5 1/2-1/2

[Event "GER-ch Net qual3 U18"]
[Site "Playchess.com INT"]
[Date "2009.05.17"]
[Round "6"]
[White "Hobusch, Alexander"]
[Black "Poetsch, Hagen"]
[Result "0-1"]
[WhiteElo "2059"]
[BlackElo "2281"]
[PlyCount "105"]
[EventDate "2009.05.17"]
[EventType "swiss (blitz)"]
[EventRounds "7"]
[EventCountry "GER"]
[SourceTitle "CBM 130 Extra"]
[Source "ChessBase"]
[SourceDate "2009.07.02"]
[SourceVersion "2"]
[SourceVersionDate "2009.07.15"]
[SourceQuality "1"]

1. d4 d5 2. Nf3 Bg4 3. c4 Nc6 4. Bf4 e6 5. e3 Nf6 6. Nc3 Bb4 7. Bd3 0-0 8. 0-0 Re8 9. cxd5 exd5 10. a3 Bxc3 11. bxc3 Na5 12. Qa4 Bxf3 13. gxf3 c6 14. Rfe1 b5 15. Qc2 Nc4 16. Bxc4 bxc4 17. Qa4 Qd7 18. Rab1 Nh5 19. Bg3 Nxg3 20. hxg3 Rab8 21. Kg2 Rb5 22. Rxb5 cxb5 23. Qa5 Re6 24. Rh1 h6 25. Rb1 a6 26. Qb4 Rf6 27. Qb2 Qf5 28. f4 Qe4+ 29. Kh2 Rf5 30. g4 Rf6 31. Rg1 Rg6 32. Qe2 f5 33. f3 Qe7 34. Qf2 Re6 35. gxf5 Rxe3 36. f6 Re2 37. Rxg7+ Qxg7 38. Qxe2 Qxf6 39. Qe5 Qxe5 40. fxe5 a5 41. Kg3 b4 42. axb4 axb4 43. cxb4 c3 44. e6 c2 45. Kf4 c1Q+ 46. Ke5 Qe3+ 47. Kxd5 Qxf3+ 48. Kd6 Qb7 49. d5 Qxb4+ 50. Kd7 Qb7+ 51. Kd8 Qxd5+ 52. Ke8 Qxe6+ 53. Kd8 0-1

[Event "GER-ch Net qual3 U18"]
[Site "Playchess.com INT"]
[Date "2009.05.17"]
[Round "5"]
[White "Hobusch, Alexander"]
[Black "Savchenko, Aleksij"]
[Result "1-0"]
[WhiteElo "2059"]
[BlackElo "2239"]
[PlyCount "65"]
[EventDate "2009.05.17"]
[EventType "swiss (blitz)"]
[EventRounds "7"]
[EventCountry "GER"]
[SourceTitle "CBM 130 Extra"]
[Source "ChessBase"]
[SourceDate "2009.07.02"]
[SourceVersion "2"]
[SourceVersionDate "2009.07.15"]
[SourceQuality "1"]

1. d4 Nf6 2. Nf3 e6 3. e3 b6 4. Bd3 Bb7 5. 0-0 Be7 6. c4 c5 7. Nc3 cxd4 8. exd4 d5 9. cxd5 Nxd5 10. Ne5 0-0 11. Qh5 Nf6 12. Qh4 g6 13. Bg5 Nc6 14. Rad1 Nb4 15. a3 Nxd3 16. Rxd3 Nd5 17. Rh3 h5 18. Bxe7 Qxe7 19. Qg3 Nxc3 20. bxc3 Rac8 21. f4 Qf6 22. Nd7 Qg7 23. Nxf8 Kxf8 24. f5 exf5 25. Qd6+ Kg8 26. Qd7 Rb8 27. Re3 Be4 28. c4 Qf6 29. Rxe4 Rd8 30. Re8+ Rxe8 31. Qxe8+ Kh7 32. Qe5 Qg5 33. Re1 1-0

[Event "GER-ch Net qual3 U18"]
[Site "Playchess.com INT"]
[Date "2009.05.17"]
[Round "4"]
[White "Schulz, Jens Peter"]
[Black "Hobusch, Alexander"]
[Result "0-1"]
[WhiteElo "1954"]
[BlackElo "2059"]
[PlyCount "78"]
[EventDate "2009.05.17"]
[EventType "swiss (blitz)"]
[EventRounds "7"]
[EventCountry "GER"]
[SourceTitle "CBM 130 Extra"]
[Source "ChessBase"]
[SourceDate "2009.07.02"]
[SourceVersion "2"]
[SourceVersionDate "2009.07.15"]
[SourceQuality "1"]

1. e4 e6 2. d4 d5 3. Nc3 Nf6 4. Bg5 Bb4 5. e5 h6 6. Be3 Ne4 7. Qg4 g6 8. Nge2 c5 9. f3 Nxc3 10. bxc3 cxd4 11. Bxd4 Be7 12. Nf4 Nc6 13. Bb5 h5 14. Qh3 Bd7 15. g4 Bh4+ 16. Kd1 Bg5 17. Nd3 Nxd4 18. Bxd7+ Qxd7 19. cxd4 Qa4 20. gxh5 Qxd4 21. Rb1 Rxh5 22. Qg4 Qc3 23. f4 Rc8 24. Qe2 Be7 25. Qd2 Qxd2+ 26. Kxd2 b6 27. Nf2 Bc5 28. Ng4 Rh4 29. Nf6+ Ke7 30. Rbf1 Bb4+ 31. Kd1 Rc4 32. f5 gxf5 33. Rhg1 Rcd4+ 34. Kc1 Ba3+ 35. Kb1 Rxh2 36. Rg8 Rb4+ 37. Ka1 Bb2+ 38. Kb1 Bxe5+ 39. Kc1 Bxf6 0-1

[Event "NRW-ch U18"]
[Site "Kranenburg"]
[Date "2009.04.14"]
[Round "3"]
[White "Hobusch, Alexander"]
[Black "Tkachuk, Konstantyn"]
[Result "1/2-1/2"]
[WhiteElo "2059"]
[BlackElo "2214"]
[PlyCount "74"]
[EventDate "2009.04.13"]
[EventType "swiss"]
[EventRounds "7"]
[EventCountry "GER"]
[SourceTitle "EXT 2010"]
[Source "ChessBase"]
[SourceDate "2010.11.25"]
[SourceVersion "1"]
[SourceVersionDate "2010.11.25"]
[SourceQuality "1"]

1. d4 Nf6 2. Nf3 g6 3. c4 Bg7 4. Nc3 0-0 5. e4 d6 6. Be2 e5 7. Be3 c6 8. d5 c5 9. Nd2 Ne8 10. g4 f5 11. gxf5 gxf5 12. exf5 Bxf5 13. Bg4 Qd7 14. Rg1 Bxg4 15. Qxg4 Qxg4 16. Rxg4 Nd7 17. Ke2 Ndf6 18. Rh4 a6 19. a4 b6 20. Nde4 Rb8 21. Nxf6+ Nxf6 22. Bg5 Rb7 23. Rg1 Kh8 24. Bxf6 Bxf6 25. Rhg4 Rbf7 26. Ne4 Be7 27. R1g3 Rf4 28. f3 Rxg4 29. Rxg4 Rb8 30. Nc3 Rg8 31. Rxg8+ Kxg8 32. f4 exf4 33. Ne4 Kf7 34. Kf3 Kg6 35. Kxf4 Bf8 36. b3 Be7 37. h3 Bf8 1/2-1/2

[Event "NRW-ch U18"]
[Site "Kranenburg"]
[Date "2009.04.13"]
[Round "1"]
[White "Hobusch, Alexander"]
[Black "Virnyi, Julius"]
[Result "1/2-1/2"]
[WhiteElo "2059"]
[BlackElo "2084"]
[PlyCount "102"]
[EventDate "2009.04.13"]
[EventType "swiss"]
[EventRounds "7"]
[EventCountry "GER"]
[SourceTitle "EXT 2010"]
[Source "ChessBase"]
[SourceDate "2010.11.25"]
[SourceVersion "1"]
[SourceVersionDate "2010.11.25"]
[SourceQuality "1"]

1. d4 Nf6 2. Nf3 e6 3. e3 c5 4. Bd3 b6 5. 0-0 Bb7 6. c4 Be7 7. Nc3 0-0 8. d5 exd5 9. cxd5 d6 10. e4 Nbd7 11. Nd2 a6 12. a4 Ne5 13. Be2 Re8 14. f4 Ng6 15. Bd3 Bf8 16. Qf3 Bc8 17. Nc4 Ra7 18. Bd2 Rb7 19. f5 Ne5 20. Nxe5 Rxe5 21. Bxa6 Ra7 22. Bxc8 Qxc8 23. Bf4 Re8 24. g4 Qb8 25. b3 Nd7 26. Nb5 Rb7 27. Na3 Nf6 28. g5 Nxe4 29. f6 gxf6 30. gxf6 Nxf6 31. Bg5 Ne4 32. Bf4 Bg7 33. Ra2 Kh8 34. Rg2 Rbe7 35. Nc4 Bd4+ 36. Kh1 Rg8 37. Bg3 Nxg3+ 38. hxg3 Qc7 39. Qf5 Qd7 40. Qxd7 Rxd7 41. Nxb6 Rb7 42. a5 f6 43. Rf3 Ra7 44. Nc4 Rg5 45. Nxd6 Rxd5 46. Nc4 Re7 47. Rf1 Rh5+ 48. Rh2 Rg5 49. Rg2 Rh5+ 50. Rh2 Rg5 51. Rg2 Rh5+ 1/2-1/2